| 000 | 00832nam a2200265Ia 4500 | ||
|---|---|---|---|
| 001 | Para_4464 | ||
| 003 | CHAP | ||
| 008 | 220125s1921 xx 000 0 und d | ||
| 010 | _a202945 | ||
| 040 | _cCHAP | ||
| 090 | _aPA FOLLETO 1710 | ||
| 245 |
_aEffects of nicotine sulphate as an ovicide and larvicide on the codling moth and three other insects / _c by N. E. McIndoo [et.al.] |
||
| 260 |
_aWashington : _b Department of Agriculture |
||
| 300 | _a19 p. | ||
| 440 |
_aEUA. Dept. of Agriculture Bull.; 938 _9168468 |
||
| 650 |
_aNicotina como insecticida Carpocapsa pomonella _9168469 |
||
| 700 |
_aMcIndoo, N. E. _973599 |
||
| 901 | _aPA FOLLETO 1710 | ||
| 902 | _aA | ||
| 905 | _a0000001921 WAS 0000000000 00 | ||
| 910 | _a1921 | ||
| 942 | _cPARA | ||
| 942 |
_cPARA _d1 |
||
| 999 |
_c202945 _d202945 |
||